Andrómeda : bocetos de crítica y estética musical /
Compilación de varios artículos de crítica y apreciación musical escritos por Adolfo Salazar, musicólogo y crítico español quien aborda las obras musicales más sonadas durante la segunda década del siglo XX en Europa y en España en particular.
Збережено в:
| Автор: | |
|---|---|
| Інші автори: | |
| Формат: | Книга |
| Мова: | Іспанська |
| Серія: | (Cultura ;
13-6) |
| Предмети: | |
| Теги: |
Немає тегів, Будьте першим, хто поставить тег для цього запису!
|
MARC
| LEADER | 00000nam^a2200000^a^4500 | ||
|---|---|---|---|
| 001 | 000158687 | ||
| 005 | 20251003000000.0 | ||
| 009 | 20260310100620.844 | ||
| 037 | |a Acervo ITESO - Biblioteca | ||
| 041 | |a ESP | ||
| 082 | |a 780. 12 |b SAL | ||
| 100 | |a Salazar, Adolfo |e (autor) | ||
| 245 | 1 | 0 | |a Andrómeda : |b bocetos de crítica y estética musical / |c A. Salazar ; pról. de P. Henriquez Ureña. |
| 264 | |a México : |b Cultura, |c 1921 | ||
| 300 | |a 173 p. ; |c 17.5 cm. | ||
| 440 | 1 | |a (Cultura ; |v 13-6) | |
| 520 | |a Compilación de varios artículos de crítica y apreciación musical escritos por Adolfo Salazar, musicólogo y crítico español quien aborda las obras musicales más sonadas durante la segunda década del siglo XX en Europa y en España en particular. | ||
| 649 | |a XX | ||
| 650 | |a Recepción y Apreciación de la Música | ||
| 650 | |a Recepción y Apreciación del Arte | ||
| 650 | |a Estética | ||
| 650 | |a Conciertos (Espectáculos) - |x Historia y Crítica | ||
| 650 | |a Opera - |x Historia y Crítica | ||
| 650 | |a Lied - |x Historia y Crítica | ||
| 650 | |a Música Vocal - |x Historia y Crítica | ||
| 650 | |a Música Romántica - |x Historia y Crítica | ||
| 650 | |a Música de Cámara - |x Historia y Crítica | ||
| 650 | |a Música Sinfónica - |x Historia y Crítica | ||
| 650 | |a Impresionismo Musical - |x Historia y Crítica | ||
| 650 | |a Música Moderna - |x Historia y Crítica | ||
| 650 | |a Música Francesa - |x Historia y Crítica | ||
| 650 | |a Música Austríaca - |x Historia y Crítica | ||
| 650 | |a Música Rusa - |x Historia y Crítica | ||
| 650 | |a Música - |x Historia y Crítica - |x Tema Principal | ||
| 650 | |a Artes Escénicas - |x Historia y Crítica | ||
| 650 | |a Semiótica y Arte | ||
| 650 | |a Música y Literatura - |x Historia y Crítica | ||
| 650 | |a Música y Sociedad | ||
| 650 | |a Berlioz, Hector | ||
| 650 | |a Schubert, Franz | ||
| 650 | |a Brahms, Johannes | ||
| 650 | |a Schönberg, Arnold | ||
| 650 | |a Scriabin, Alexander | ||
| 650 | |a Franck, César | ||
| 650 | |a Charpentier, Gustave | ||
| 650 | |a D'Indy, Vicent | ||
| 650 | |a Ravel, Maurice | ||
| 650 | |a Wagner, Richard | ||
| 650 | |a Strauss, Richard | ||
| 650 | |a Debussy, Claude | ||
| 700 | |a Henríquez Ureña, Pedro |e (prólogo) | ||
| 910 | |a Fondo Salvador Reynoso Reynoso | ||
| 920 | |a Impresos - Libros | ||
| 930 | |a Libros Antiguos y Raros | ||
| 905 | |a 108 | ||
| 901 | |a 0500090176 |b IT2 |c LRA |u 20250526 | ||
| 902 | |a https://opac.biblio.iteso.mx/vufind/Record/000158687 | ||